महाभारत का काव्यार्थ / (Record no. 118287)

MARC details
000 -LEADER
fixed length control field 01077nam a22002537a 4500
005 - DATE AND TIME OF LATEST TRANSACTION
control field 20170124103110.0
010 ## - LIBRARY OF CONGRESS CONTROL NUMBER
LC control number A-270990
020 ## - INTERNATIONAL STANDARD BOOK NUMBER
Terms of availability 42.00
035 ## - SYSTEM CONTROL NUMBER
System control number A-270990
037 ## - SOURCE OF ACQUISITION
Source of stock number/acquisition Cen Lib/Ret
040 ## - CATALOGING SOURCE
Original cataloging agency DPL
Language of cataloging HN
082 ## - DEWEY DECIMAL CLASSIFICATION NUMBER
Classification number 230.1
Item number मिश्रवि
100 ## - MAIN ENTRY--PERSONAL NAME
Personal name मिश्र, विद्यानिवास
9 (RLIN) 130
245 ## - TITLE STATEMENT
Title महाभारत का काव्यार्थ /
Statement of responsibility, etc विद्यानिवास मिश्र
246 ## - VARYING FORM OF TITLE
Title proper/short title Mahabharat ka kavyarth /
Remainder of title by Vidhyanivas Mishra
260 ## - PUBLICATION, DISTRIBUTION, ETC. (IMPRINT)
Place of publication, distribution, etc नयी दिल्ली
Name of publisher, distributor, etc नेशनल पब्लिशिंग हाउस
Date of publication, distribution, etc 1985
270 ## - ADDRESS
City नयी दिल्ली
Address 23, दरियागंज
Postal code 110002
300 ## - PHYSICAL DESCRIPTION
Extent 127पृ.
Dimensions 20सेमी(सजिल्द)
650 ## - SUBJECT ADDED ENTRY--TOPICAL TERM
Topical term or geographic name as entry element हिन्दू - धर्म
9 (RLIN) 1413
650 ## - SUBJECT ADDED ENTRY--TOPICAL TERM
Topical term or geographic name as entry element महाभारत -- काव्य चयन
9 (RLIN) 3169
650 ## - SUBJECT ADDED ENTRY--TOPICAL TERM
Topical term or geographic name as entry element Hindu religion
9 (RLIN) 79283
650 ## - SUBJECT ADDED ENTRY--TOPICAL TERM
Topical term or geographic name as entry element Mahabharata - Poetry Selection
9 (RLIN) 79284
942 ## - ADDED ENTRY ELEMENTS (KOHA)
Source of classification or shelving scheme Dewey Decimal Classification
Koha item type Hindi Books
Classification part 230.1
Call number suffix मिश्रवि
Holdings
Withdrawn status Lost status Damaged status Not for loan Home library Current library Date acquired Source of acquisition Cost, normal purchase price Total Checkouts Full call number Barcode Date last seen Date checked out Copy number Cost, replacement price Price effective from Koha item type
        Central Library Central Library 10/09/2015 Cen Lib/Ret 42.00 1 230.1 मिश्रवि A-270990 05/01/2019 20/12/2018 1 42.00 10/09/2015 Hindi Books

© Delhi Public Library
Hit Counter
free hit counter